000 00791cam a2200241 i 4500
999 _c528099
_d528099
001 2775676
003 NUST
005 20190828083634.0
008 800730s1966 dcua 001 0 eng
010 _a 80122137
038 _aM.Ramzan
040 _aDLC
_cDLC
_dDLC
050 0 0 _aTE175
_b.A55 1966
082 0 0 _a625.725
_219
_bAAS
110 2 _aAmerican Association of State Highway Officials.
_919665
245 1 2 _aA policy on geometric design of rural highways, 1965 /
_cAmerican Association of State Highway Officials.
260 _aWashington, D.C. :
_bAASHO,
_cc1966.
300 _axxvi, 650 p. :
_bill. ;
_c24 cm.
500 _aIncludes index.
650 0 _aRural roads
_xDesign and construction.
_919666
906 _a7
_bcbc
_corignew
_d2
_encip
_f19
_gy-gencatlg
942 _2ddc
_cBK